Úspešná štvorka MS juniorov vo veslovaní

Bibliographic Details
Format: Article
Language:Slovak
Subjects:

MARC

LEADER 00000nab a2200000 a 4500
001 vtls000226959
003 SK-MaSNL
005 20260302213013.0
008 150501c1985 xo 0 slo
015 |a SNBRB19rr/mm-uuuuu 
035 |a CL0237073 
040 |a SNKBUCL  |b slo  |c SNKBUCL  |e AACR2 
041 0 |a slo 
044 |a xo  |c SK 
080 |a 797.123.093.1-053.67(100)  |2 1981 
245 0 0 |a Úspešná štvorka  |b MS juniorov vo veslovaní 
300 |b Obr. 1. 
650 0 7 |a veslárstvo  |2 snkbucl  |9 3243 
655 7 |a články z novín a časopisov  |2 snkbucl  |9 267496 
773 0 |t Šport  |g Roč. 39, č. 188 (12. 8. 1985), s. 1 
850 |a Slovenská národná knižnica v Martine  |a MTA001 
852 |a SNK  |b KIS3GCP 
958 |a RK 
958 |a DE 
992 |a RBX 
999 |c 1491663  |d 1493593